000 00927nam a2200265Ia 4500
003 OSt
005 20220923211621.0
006 a|||||r|||| 00| 0
007 ta
008 220922b |||||||| |||| 00| 0 san d
024 _a13,680
037 _cTextual
040 _aARTS
_cARTS
_bsan
041 _2san
_asan
082 _aDelta25, 15L7
100 _aपाण्डेय, विश्वनाथ
245 0 _aभक्ति चन्द्रिका
246 _aBhakti chandrikā
260 _aवाराणसी
_b भारतीय साहित्य विद्यालय
_c1977
300 _a2ए40ए288पृ0
_ccm.
490 _aHkkjrh; lkfgR; xzUFkekyk;k%( 18
650 _aआध्यात्मिक अनुभव और रहस्यवाद
942 _hDelta25, 15L7
_cTEXL
_2CC
999 _c301515
_d301515